|
|
|
|
| LEADER |
00000nam0a2200000 4500 |
| 001 |
676966 |
| 005 |
20241126155334.0 |
| 090 |
|
|
|a 676966
|
| 100 |
|
|
|a 20241126d1979 k||y0rusy50 ca
|
| 101 |
0 |
|
|a rus
|
| 102 |
|
|
|a RU
|
| 105 |
|
|
|a a z 001yy
|
| 181 |
|
0 |
|a i
|b e
|
| 182 |
|
0 |
|a n
|
| 183 |
|
0 |
|a nc
|2 RDAcarrier
|
| 200 |
1 |
|
|a Сопла воздушно-реактивных двигателей с отклоняемым вектором тяги
|f К. Н. Попов, В. Д. Соколов, Н. И. Хвостов
|g под общ. ред. Н. И. Хвостова
|
| 203 |
|
|
|a Текст
|b визуальный
|c непосредственный
|
| 210 |
|
|
|a Москва
|c Машиностроение
|d 1979
|
| 215 |
|
|
|a 144 с.
|c ил.
|
| 283 |
|
|
|a volume
|2 RDAcarrier
|
| 320 |
|
|
|a Список литературы: с. 144
|
| 606 |
1 |
|
|a Реактивные двигатели
|x Сопла
|x Рабочий процесс
|9 48498
|
| 610 |
1 |
|
|a подъемные двигатели
|
| 610 |
1 |
|
|a газодинамический расчет
|
| 610 |
1 |
|
|a шариковые подшипники
|
| 675 |
|
|
|a 621.45
|v 4
|
| 700 |
|
1 |
|a Попов
|b К. Н.
|g Константин Николаевич
|
| 701 |
|
1 |
|a Соколов
|b В. Д.
|g Виктор Дмитриевич
|
| 701 |
|
1 |
|a Хвостов
|b Н. И.
|g Николай Иванович
|
| 702 |
|
1 |
|4 340
|a Хвостов
|b Н. И.
|g Николай Иванович
|
| 801 |
|
0 |
|a RU
|b 63413507
|c 20241126
|
| 830 |
|
|
|a Ретро2024Каталогизация
|
| 850 |
|
|
|a 63413507
|
| 942 |
|
|
|c BK
|